000 00958nam a2200265Ia 4500
003 OSt
005 20220923230958.0
006 a|||||r|||| 00| 0
007 ta
008 220922b |||||||| |||| 00| 0 hin d
024 _a327,507
037 _cTextual
040 _aARTS
_cARTS
_bhin
041 _2hin
_ahin
082 _a4:(P152), 152P7
100 _aशर्मा, मीना, ले.
_9156363
245 0 _aहिन्दी भाषा, मीडिया और सर्जनात्मक लेखन
246 _aHindī bhāṣhā, mīḍiyā aur sarjanātmak lekhana
260 _aगाजियाबाद
_b के. एल. पचौरी प्रकाशन
_c2007
300 _a231पृ.
_ccm.
650 _a पत्रकारिता
650 _aहिन्दी भाषा
942 _h4:(P152), 152P7
_cTEXL
_2CC
999 _c388561
_d388561